Ricelands [ the world of South-East Asian food

Vibrantly illustrated and elegantly conceived, Ricelands takes us into the heart of tropical Asia and the delicious foods that define it the world over.

Bibliographic Details
Main Author: Freeman, Michael (Author)
Format: Book
Language:English
Published: London : Reaktion Books , 2008
Subjects:
Online Access:ebrary
MyiLibrary
NetLibrary
http://www.UCM.eblib.com/EBLWeb/patron?target=patron&extendedid=P_420797_0&

MARC

LEADER 00000cam a2200000 7i4500
001 0000072221
005 20110503093000.0
008 110414s2008 enk eng
020 |a 1861896212 (electronic bk.) 
020 |a 9781861896216 (electronic bk.) 
020 |z 1861893787 (pbk.) 
020 |z 9781861893789 (pbk.) 
050 0 0 |a GT2853.S644   |b F74 2008 
090 0 0 |a GT2853.S644   |b F74 2008 
100 1 |a Freeman, Michael ,   |e author 
245 1 0 |a Ricelands [  |h electronic resource] :   |b the world of South-East Asian food   |c Michael Freeman 
260 |a London :   |b Reaktion Books ,   |c 2008 
300 |a 1 online resource (242 p.) 
500 |a Description based on print version record 
504 |a Includes bibliographical references (p. 238-239) 
505 0 |a 1. The paddy field -- 2. Spice and savour -- 3. Fire and fixings -- 4. Wild about wild -- 5. Crossroads -- 6. South-east by West -- 7. Recipes 
520 |a Vibrantly illustrated and elegantly conceived, Ricelands takes us into the heart of tropical Asia and the delicious foods that define it the world over. 
650 0 |a Food habits   |z Southeast Asia 
856 4 0 |3 ebrary   |u http://site.ebrary.com/id/10285762 
856 4 0 |3 MyiLibrary   |u http://www.myilibrary.com?id=226522 
856 4 0 |3 NetLibrary   |u http://www.netlibrary.com/urlapi.asp?action=summary&v=1&bookid=292665 
856 4 0 |u http://www.UCM.eblib.com/EBLWeb/patron?target=patron&extendedid=P_420797_0& 
999 |a 1000138813   |b Electronic Resource   |c OPEN SHELF (30 DAYS)   |e Gong Badak Campus